Statistics for Belfast City Trivia

Click here to take the quiz!

General Stats

  • This quiz has been taken 339 times
  • The average score is 8 of 16

Answer Stats

HintAnswer% Correct
Famous ship built in 1912RMS Titanic
100%
Agreement that was signed in Belfast on the 10th, April 1998Good Friday
Agreement
77%
Alcoholic football legend for which the city's main airport is namedGeorge Best
72%
Shipyard company that built the aboveHarland & Wolff
52%
HBO TV series whose first season was primarily filmed in the Paint Hall StudiosGame of Thrones
50%
Rock band that first performed their debut song "Stairway To Heaven" in Belfast in 1971,
in that concert hall
Led Zeppelin
50%
River on which Belfast liesRiver Lagan
48%
Hunger striker for which a movie was made in 2008Bobby Sands
47%
Estate in which the Parliament Buildings are located{Stormont} Estate
47%
World's most bombed hotel, was bombed 36 times during the Troubles{Europa} Hotel
43%
Famous clock tower that is leaning, due to ground sinking{Albert} Clock
40%
Large intertidal sea inlet Belfast bordersBelfast {Lough}
38%
Largest concert hall in BelfastUlster Hall
32%
Name one of the two animals that support the Belfast coat of armsSeahorse / Wolf
22%
Tallest building in the whole IrelandObel Tower
18%
Belfast's nickname during the 19th century{Linen}opolis
16%

Score Distribution

Percentile by Number Answered

Percent of People with Each Score

Your Score History

You have not taken this quiz